000 01109nam a2200349Ia 4500
003 OSt
005 20220912144542.0
006 a|||||r|||| 00| 0
007 ta
008 220909b |||||||| |||| 00| 0 eng d
020 _a9788120329713 (pbk)
020 _aSL01535371
024 _a159622
037 _b461, 28/09/2011, Dhanraj Book House
037 _cTextual
040 _aCSL
_beng
_cCSL
041 _aeng
082 _aD65,8(B):(C5:22), P6
100 _aJoshi Madhuri, A
245 0 _aDigital image processing : An algorithmic approach
260 _aNew Delhi
_b Prentice hall in india
_c2006
300 _axvii;337p.
500 _aAppendix A-315, B-325p; Include bibliographical references 327-333p; Index 335-337p
650 _a Algorithmic c programme
650 _a Computer tomography
650 _a Computer tomography
650 _a Digital image processing
650 _aComputer Science
700 _aJoshi Madhuri, A
942 _hD65,8(B):(C5:22), P6
_cTEXL
_2CC
999 _c11783
_d11783